| 000 | 00954nam a2200265 i 4500 | ||
|---|---|---|---|
| 001 | bg | ||
| 003 | BPK | ||
| 005 | 20220715131051.0 | ||
| 008 | 021209s1974 pl a |000 0 pol | ||
| 015 | _aPB 1975/684 | ||
| 040 |
_aWA N _cBPK |
||
| 080 | _a929-052(438)"18" | ||
| 080 | _a323.2(438) | ||
| 080 | _a329(438) | ||
| 100 | 1 |
_aWawrzykowska-Wierciochowa, Dionizja _d(1908-1997) _eAutor |
|
| 245 | 1 | 0 |
_aKościuszkowska prawnuka / _cDionizja Wawrzykowska-Wierciochowa. |
| 260 |
_aWarszawa : _b"Książka i Wiedza", _c1974. |
||
| 300 |
_a380, [3] s., 12 s. tabl. : _bil., portr. ; _c25 cm. |
||
| 500 | _aNa k. tyt. imię aut. Dioniza. | ||
| 600 | 1 | 4 |
_aBohuszewiczówna, Maria _d(1865-1887) |
| 655 | 4 | _aBiografia | |
| 710 | 2 |
_aSpółdzielnia Wydawniczo-Handlowa "Książka i Wiedza" _4pbl. |
|
| 856 |
_uhttp://koha.tu.koszalin.pl/cgi-bin/koha/opac-detail.pl?biblionumber=27009 _yKatalog online BPK |
||
| 942 |
_2UKD _cKS |
||
| 999 |
_c27009 _d27009 |
||